000 00819nam a22002777a 4500
001 BR7000221
003 BR-BrBNA
005 20230928083556.0
007 ta
008 230509b bl.||||| |||| 00| 0 por d
040 _aBR-BrBNA
_bpor
_cBiblioteca Nacional de Agricultura
041 _a(Por)
072 _aF23
_b/G514
090 _ F23 BR7000221
100 1 _aDantas, H. da S.
110 1 _aInstituto de Pesquisas e Experimentacao Agropecuarias do Nordeste, Recife, PE (Brasil)
245 1 _aDiagnostico pedologico em Pernambuco. Zona litoral mata [Brasil]
260 3 _aRecife, PE (Brasil):
_c1970.
300 _a88 p.
500 _a1 Map (scale 1:2500,000); 6 tables; 20 ref.
650 _aPedologia
650 _aSolo
650 _aPernambuco
909 _a202309
_bLucia
_c55
_dLucia Elande
942 _cBK
999 _c14258
_d14258